Network Analysis and Synthesis (Record no. 3213)

MARC details
000 -LEADER
fixed length control field 00358nam a2200145Ia 4500
008 - FIXED-LENGTH DATA ELEMENTS--GENERAL INFORMATION
fixed length control field 191201s2005 xx 000 0 und d
082 ## - DEWEY DECIMAL CLASSIFICATION NUMBER
Classification number 621.3845
Item number KUN
100 ## - MAIN ENTRY--PERSONAL NAME
Personal name KUO Franklin F
245 #0 - TITLE STATEMENT
Title Network Analysis and Synthesis
250 ## - EDITION STATEMENT
Edition statement 2nd
260 ## - PUBLICATION, DISTRIBUTION, ETC. (IMPRINT)
Place of publication, distribution, etc N.Delhi
Name of publisher, distributor, etc John Willey and Sons
Date of publication, distribution, etc 2005
300 ## - PHYSICAL DESCRIPTION
Extent 515
650 ## - SUBJECT ADDED ENTRY--TOPICAL TERM
Topical term or geographic name as entry element B.Tech(ECE)
942 ## - ADDED ENTRY ELEMENTS (KOHA)
Source of classification or shelving scheme Dewey Decimal Classification
Koha item type Text Books
Holdings
Withdrawn status Lost status Source of classification or shelving scheme Damaged status Not for loan Collection code Home library Current library Date acquired Source of acquisition Cost, normal purchase price Bill Number Total Checkouts Full call number Acc. no. / Barcode Date last seen Bill Date Koha item type Date last borrowed
    Dewey Decimal Classification     B.Tech(ECE) PIET C-LIBRARY PIET C-LIBRARY 11/09/2007 UDH, Delhi 319.00 1575   621.3192 KUN 7849 04/12/2019 31/08/2007 Text Books  
    Dewey Decimal Classification     B.Tech(ECE) PIET C-LIBRARY PIET C-LIBRARY 11/09/2007 UDH, Delhi 319.00 1575   621.3192 KUN 7850 04/12/2019 31/08/2007 Text Books  
    Dewey Decimal Classification     B.Tech(ECE) PIET C-LIBRARY PIET C-LIBRARY 11/09/2007 UDH, Delhi 319.00 1575   621.3192 KUN 7851 04/12/2019 31/08/2007 Text Books  
    Dewey Decimal Classification     B.Tech(ECE) PIET C-LIBRARY PIET C-LIBRARY 11/09/2007 UDH, Delhi 319.00 1575   621.3192 KUN 7852 16/12/2019 31/08/2007 Text Books  
    Dewey Decimal Classification     B.Tech(ECE) PIET C-LIBRARY PIET C-LIBRARY 26/08/2007 UDH, Delhi 290.00 949 1 621.3192 KUN 8187 23/09/2025 07/09/2007 Text Books 03/09/2025
    Dewey Decimal Classification     B.Tech(ECE) PIET C-LIBRARY PIET C-LIBRARY 26/08/2007 UDH, Delhi 290.00 949   621.3192 KUN 8188 04/12/2019 07/09/2007 Text Books  

Design & Developed by: PIET Central Library
R70 Miles Stone Pattikalyana Samalkha Panipat 132102
mail ID :- [email protected], Phone No:- 0180-2569700 Ex.216